000 01102cam a2200325Ia 4500
001 30557494
003 OCoLC
005 20220809123408.0
008 940606s1993 sp a j 001 0 spa d
020 _a8434839970
020 _a9788434839977
040 _aCS1
_cCS1
_dJRQ
041 1 _aspa
_heng
092 _a[621.8]
_bB168
100 1 _aBaker, Wendy.
240 0 0 _aMachines.
_lSpanish.
245 1 4 _aLas maquinas /
_cWendy Baker y Andrew Haslam ; escrito por David Glover ; fotografia, Jon Barnes ; asesor de la coleccion, John Chaldecott ; asesor cientifico, Graham Peacock ; traduccion del ingles, Almudena Bautista.
260 _aMadrid :
_bEdiciones SM,
_cc1993.
300 _a48 p. :
_bcol. ill. ;
_c28 cm.
440 0 _aExperimenta con ;
_v5.
500 _aTranslation of: Machines.
500 _a"A partir de 9 anos"--P. [4] of cover.
500 _aIncludes index.
650 0 _aMachinery
_xExperiments
_vJuvenile literature.
700 1 _aHaslam, Andrew.
700 1 _aGlover, David.
700 1 _aBarnes, Jon.
740 0 _aExperimenta con las maquinas.
942 _cBK
_2ddc
999 _c27275
_d27275